LEADER 01360nam a2200301 i 4500 001 000000136319 003 CaOOAMICUS 005 20180510000000.0 008 180510s2017 it u000 u ita u 013 $a109829 020 $a978-88-315-4914-1 040 $aSeMil$bita 100 1 $aFatigati, Antonio .$0(OLS)http://semarc/name/93438 245 12$aL'amore secondo Papa Francesco :$bvivere il rapporto di coppia con Amoris laetitia /$cAntonio Fatigati. 260 $aMilano :$bPaoline,$c2017. 300 $a114 p. ;$c18 cm. 490 0 $aAria di famiglia ;$v34 500 $aDono del Card. Dionigi Tettamanzi. 650 4$aRelazioni di coppia - Morale cristiana.$0(OLS)http://semarc/subject/57064 650 4$aFrancesco I - Esortazioni apostoliche . Amoris Laetitia.$0(OLS)http://semarc/subject/42882 830 0$aAria di famiglia ;$v34.$0(OLS)http://semarc/title/176486 850 $aSeMil 852 $aSeMil$W1$xVenegono$y1$m2A I 389$j89937$B89937$CSeMilBibl$Z2$F95046 $81 941 1 $a5 961 $aOmaggio: Tettamanzi Card. Dionigi 996 $6020$a978-88-315-4914-1$9(OLS)http://semarc/number/273975 996 $6245$aL'amore secondo Papa Francesco :$bvivere il rapporto di coppia con Amoris laetitia$9(OLS)http://semarc/title/408481 996 $6260$aMilano :$bPaoline$9(OLS)http://semarc/publisher/29684 LEADER 00813nam a2200205 i 4500 001 000000077737 003 CaOOAMICUS 005 20010720000000.0 008 010720s1966 it u000 u fre u 013 $a48911 040 $aSeMil$bita 245 10$a2. 300 $a405 p. 490 0 $aStoria e letteratura : raccolta di studi e testi ;$v104 700 1 $aLeclercq, Jean,$c.$0(OLS)http://semarc/name/89154 773 0 $aLeclercq, Jean $tRecueil d'études sur Saint Bernard et ses écrits.$dRoma : Edizioni di Storia e Letteratura, 1962-1992.$g2$w()3514 830 0$aStoria e letteratura ;$v104.$0(OLS)http://semarc/title/420 850 $aSeMil 852 $aSeMil$W1$xVenegono$y1$m3T V 104$j43889$B43889$CSeMilBibl$Z2$F43254 $81 996 $6245$a2$9(OLS)http://semarc/title/46889